Problems of the new Cuba ; report of the Commission on Cuban affairs /

Bibliographic Details
Corporate Authors: Foreign Policy Association. Commission on Cuban Affairs, Foreign Policy Association
Other Authors: Buell, Raymond Leslie, 1896-1946
Format: Book
Language:English
Published: [New York] : Foreign policy association, incorporated, 1935.
Subjects:

MARC

Tag First Indicator Second Indicator Subfields
LEADER 00000cam a2200000 4500
001 in00000064102
005 20151008051200.0
008 721115s1935 nyuab 00000 eng u
010 |a  35001996  
035 |a (OCoLC)00494796 
035 |9 AAG6268AM 
040 |c WSU  |d TXA  |d UtOrBLW 
049 |a TXAM  |c [250614] 
050 0 |a F1787  |b .C78 
092 |a 309.17291  |b C734p 
110 2 |a Foreign Policy Association.  |b Commission on Cuban Affairs. 
245 1 0 |a Problems of the new Cuba ;  |b report of the Commission on Cuban affairs /  |c Raymond Leslie Buell, Frank Whitson Fetter, Frank Dunstone Graham ... [and others]. 
264 1 |a [New York] :  |b Foreign policy association, incorporated,  |c 1935. 
300 |a 423 pages 
336 |a text  |b txt  |2 rdacontent 
337 |a unmediated  |b n  |2 rdamedia 
338 |a volume  |b nc  |2 rdacarrier 
650 0 |a Finance  |z Cuba. 
651 0 |a Cuba  |x Economic conditions  |y 1918-1959. 
651 0 |a Cuba  |x Social conditions. 
700 1 |a Buell, Raymond Leslie,  |d 1896-1946. 
710 2 |a Foreign Policy Association. 
999 |a MARS 
999 f f |s 98c0b635-a301-3fc2-9f9c-aaa0d58a72b9  |i 46635852-83bb-3e4f-bc8e-66ae612c1d91  |t 0 
952 f f |p ric  |a Texas A&M University  |b Rellis Campus  |c Joint Library Facility  |d Remote Storage  |t 0  |e F1787 .C78  |h Library of Congress classification  |i unmediated -- volume  |m A14800649518 
998 f f |a F1787 .C78  |t 0  |l Remote Storage